| 000 | 00578nam a2200181 a 4500 | ||
|---|---|---|---|
| 005 | 20240605063733.0 | ||
| 008 | 991125s1982 mx 000 0 spa u | ||
| 035 | _aUPN01000041638 | ||
| 049 | _aCG | ||
| 050 | 4 |
_aLB1567 _bM3.6 |
|
| 110 | 2 | _aConsejo Nacional de Fomento Educativo (México) | |
| 245 | 1 | 0 |
_aNormas y criterios de operación del programa casa-escuela / _cConsejo Nacional de Fomento Educativo. |
| 260 |
_aMéxico : _bCONAFE, _c1982. |
||
| 300 | _a210 h. | ||
| 650 | 4 |
_aEscuelas rurales _zMéxico _916754 |
|
| 650 | 4 |
_aINTERNADOS (ESCUELAS) _918397 |
|
| 905 | _aLibro | ||
| 999 |
_c41638 _d41638 |
||